[Event "3. Igor Platonov Memorial"]
[Site "Kyiv UKR"]
[Date "2005.01.09"]
[Round "6.2"]
[White "Kruppa, Yuri"]
[Black "Kochetkov, Vitali"]
[Result "1-0"]
[WhiteElo "2553"]
[BlackElo "2364"]
[PlyCount "107"]
[EventDate "2005.01.04"]
[EventType "tourn"]
[EventRounds "9"]
[EventCountry "UKR"]
[EventCategory "8"]
[Source "lmi"]
[SourceDate "2005.01.12"]

1. d4 d5 2. c4 c6 3. Nc3 e6 4. e3 f5 5. Nf3 Nf6 6. Be2 Bd6 7. Ne5 O-O 8. O-O b6
9. Rb1 Qe7 10. a3 a6 11. f4 b5 12. c5 Bc7 13. b4 a5 14. Bd2 a4 15. Be1 Ne4 16.
Nxe4 dxe4 17. g4 Bd7 18. Bg3 Be8 19. gxf5 exf5 20. d5 Bxe5 21. fxe5 g6 22. Rb2
Na6 23. dxc6 Rd8 24. Rd2 Rxd2 25. Qxd2 Bxc6 26. Qd6 Qxd6 27. cxd6 Kf7 28. Rc1
Bd7 29. h4 Ke6 30. Bf4 Rb8 31. Kf2 h5 32. Ke1 Rb6 33. Kd2 Kd5 34. Rd1 Ke6 35.
Kc3 Rc6+ 36. Kb2 Rb6 37. Rc1 Rb8 38. Rg1 Kf7 39. e6+ Bxe6 40. d7 Bxd7 41. Bxb8
Nxb8 42. Kc3 Kf6 43. Kd4 Nc6+ 44. Kc5 Ne5 45. Rd1 Nd3+ 46. Bxd3 exd3 47. Rxd3
Be6 48. Kxb5 g5 49. hxg5+ Kxg5 50. Rd6 Bf7 51. Kc5 h4 52. b5 Bh5 53. b6 Bf3 54.
Rd7 1-0

[Event "3. Igor Platonov Memorial"]
[Site "Kyiv UKR"]
[Date "2005.01.09"]
[Round "6.4"]
[White "Kislinsky, Alexey"]
[Black "Itkis, Boris"]
[Result "0-1"]
[WhiteElo "2406"]
[BlackElo "2454"]
[PlyCount "96"]
[EventDate "2005.01.04"]
[EventType "tourn"]
[EventRounds "9"]
[EventCountry "UKR"]
[EventCategory "8"]
[Source "lmi"]
[SourceDate "2005.01.12"]

1. e4 c5 2. c3 Nf6 3. e5 Nd5 4. Nf3 e6 5. Bc4 Nc6 6. d4 cxd4 7. cxd4 d6 8. Qe2
Be7 9. O-O O-O 10. Nc3 Nxc3 11. bxc3 dxe5 12. dxe5 Qa5 13. Rb1 Rb8 14. Bd3 Rd8
15. Qe4 g6 16. Bc4 Bd7 17. Bb3 Be8 18. Bb2 Qc7 19. Rfe1 Na5 20. Nd4 Nxb3 21.
axb3 b5 22. h4 a5 23. h5 a4 24. hxg6 hxg6 25. Re3 Rd5 26. Rbe1 a3 27. Ba1 Bf8
28. Qh4 Qd8 29. Qg4 Rc8 30. Rd3 Bg7 31. f4 Qb6 32. Kh1 Bc6 33. Red1 Bb7 34.
R1d2 Rd7 35. Qh4 Be4 36. Rh3 Rcd8 37. Qh7+ Kf8 38. Re3 Bb7 39. Red3 Be4 40. Re3
Qb7 41. Kh2 b4 42. cxb4 Qxb4 43. Bc3 Qc5 44. Ba1 Rxd4 45. Rxd4 Rxd4 46. Rc3 Qb6
47. Qh4 Qd8 48. Qe1 Bh6 0-1

[Event "3. Igor Platonov Memorial"]
[Site "Kyiv UKR"]
[Date "2005.01.09"]
[Round "6.5"]
[White "Lutsko, Igor"]
[Black "Sergeev, Vladimir"]
[Result "0-1"]
[WhiteElo "2527"]
[BlackElo "2438"]
[PlyCount "70"]
[EventDate "2005.01.04"]
[EventType "tourn"]
[EventRounds "9"]
[EventCountry "UKR"]
[EventCategory "8"]
[Source "lmi"]
[SourceDate "2005.01.12"]

1. d4 Nf6 2. c4 c5 3. d5 b5 4. Nf3 g6 5. Qc2 Bg7 6. e4 d6 7. cxb5 a6 8. Nc3 O-O
9. bxa6 Qa5 10. Bd2 Bxa6 11. Nb5 Qb6 12. a4 Nbd7 13. Ra3 e6 14. dxe6 fxe6 15.
e5 dxe5 16. Ng5 Bb7 17. Bc4 Bd5 18. Rg3 e4 19. Be2 Ne5 20. Bc3 Nd3+ 21. Rxd3
exd3 22. Bxd3 c4 23. Be2 h6 24. Nf3 Be4 25. Qd2 Rxa4 26. Na3 Rd8 27. Qc1 Bd3
28. Bxd3 cxd3 29. O-O Ne4 30. Be5 Bxe5 31. Nxe5 d2 32. Qd1 Rad4 33. Nxg6 Qxb2
34. Nb1 Qc1 35. Ne7+ Kf7 0-1

[Event "3. Igor Platonov Memorial"]
[Site "Kyiv UKR"]
[Date "2005.01.10"]
[Round "7.1"]
[White "Itkis, Boris"]
[Black "Moliboga, Vladimir"]
[Result "0-1"]
[WhiteElo "2454"]
[BlackElo "2314"]
[PlyCount "92"]
[EventDate "2005.01.04"]
[EventType "tourn"]
[EventRounds "9"]
[EventCountry "UKR"]
[EventCategory "8"]
[Source "lmi"]
[SourceDate "2005.01.12"]

1. d4 Nf6 2. Nf3 g6 3. c4 Bg7 4. g3 O-O 5. Bg2 d6 6. Nc3 Nbd7 7. O-O e5 8. e4
c6 9. b3 exd4 10. Nxd4 Re8 11. h3 Nc5 12. Re1 a5 13. Rb1 Nfd7 14. Be3 Ne5 15.
Re2 Qf6 16. f4 Ned7 17. Rd2 Bf8 18. Qc2 Qe7 19. Bf2 Qf6 20. Nf3 Na6 21. Bd4 Qe7
22. Re1 Ndc5 23. Qb1 Qc7 24. g4 Ne6 25. Be3 Bh6 26. g5 Bg7 27. Na4 Nac5 28.
Nxc5 dxc5 29. e5 a4 30. Rdd1 Bf8 31. Nh2 Nd4 32. Ng4 Bxg4 33. hxg4 axb3 34.
axb3 Ra3 35. Rd3 Rea8 36. b4 Ne2+ 37. Rxe2 Ra1 38. Qxa1 Rxa1+ 39. Kh2 cxb4 40.
Red2 Ra3 41. Rd7 Qa5 42. Bg1 b3 43. e6 fxe6 44. Re2 Ra2 45. Re5 Qc3 46. Re3 Qc2
0-1

[Event "3. Igor Platonov Memorial"]
[Site "Kyiv UKR"]
[Date "2005.01.10"]
[Round "7.2"]
[White "Shishkin, Vadim"]
[Black "Kruppa, Yuri"]
[Result "1-0"]
[WhiteElo "2488"]
[BlackElo "2553"]
[PlyCount "133"]
[EventDate "2005.01.04"]
[EventType "tourn"]
[EventRounds "9"]
[EventCountry "UKR"]
[EventCategory "8"]
[Source "lmi"]
[SourceDate "2005.01.12"]

1. d4 Nf6 2. c4 g6 3. Nc3 Bg7 4. e4 d6 5. Be2 O-O 6. Nf3 e5 7. Be3 Na6 8. O-O
Ng4 9. Bg5 Qe8 10. dxe5 dxe5 11. h3 f6 12. Bd2 Nh6 13. c5 Nxc5 14. Qc1 Nf7 15.
Nd5 Ne6 16. Nxc7 Nxc7 17. Qxc7 Nd8 18. Rfc1 Kh8 19. Bc4 Ne6 20. Qd6 Rf7 21. Be3
Bd7 22. Qd5 Re7 23. Qxb7 Bc6 24. Qb4 a5 25. Qe1 Bxe4 26. Nd2 Bb7 27. Nb3 Nf4
28. f3 a4 29. Na5 Ba6 30. Qf1 Bxc4 31. Nxc4 Nd5 32. Bf2 Rd7 33. Rd1 Rb8 34. Rd3
Nb4 35. Rxd7 Qxd7 36. Nb6 Qe6 37. Nxa4 Nc2 38. Nc5 Qd5 39. Qd1 Nd4 40. Nb3 f5
41. Rc1 Bh6 42. Rc5 Qd6 43. Rc3 Rd8 44. Qd3 Qf6 45. Qc4 Nxb3 46. Qxb3 e4 47.
Qc2 Bd2 48. Rc6 Qe5 49. Rc8 Bg5 50. fxe4 fxe4 51. Qc3 Qxc3 52. Rxd8+ Bxd8 53.
bxc3 Kg7 54. Bd4+ Kf7 55. Kf2 Ke6 56. c4 Kf5 57. a4 h5 58. Ke3 h4 59. Ke2 Kf4
60. Bc3 Bb6 61. a5 Bc5 62. Bf6 Kg3 63. Kf1 Kf4 64. Bxh4 g5 65. Be1 e3 66. Ke2
Ke4 67. Bc3 1-0

[Event "3. Igor Platonov Memorial"]
[Site "Kyiv UKR"]
[Date "2005.01.10"]
[Round "7.3"]
[White "Kochetkov, Vitali"]
[Black "Pavlov, Sergey"]
[Result "0-1"]
[WhiteElo "2364"]
[BlackElo "2368"]
[PlyCount "82"]
[EventDate "2005.01.04"]
[EventType "tourn"]
[EventRounds "9"]
[EventCountry "UKR"]
[EventCategory "8"]
[Source "lmi"]
[SourceDate "2005.01.12"]

1. d4 Nf6 2. Nf3 g6 3. g3 Bg7 4. Bg2 O-O 5. O-O d6 6. Re1 c5 7. dxc5 dxc5 8.
Qxd8 Rxd8 9. c3 Be6 10. Be3 Nbd7 11. Na3 h6 12. h4 a6 13. Red1 Nd5 14. Bd2 b5
15. Nc2 Rac8 16. Ne3 N5b6 17. b3 Nf6 18. Rac1 a5 19. c4 b4 20. Ne5 Rd6 21. Be1
a4 22. f4 Ne8 23. g4 Kf8 24. Bf3 Nd7 25. Nd3 Bd4 26. Bf2 Ndf6 27. Nc2 Bxg4 28.
Bxg4 Nxg4 29. Bxd4 cxd4 30. c5 Rf6 31. Kg2 axb3 32. axb3 h5 33. Ra1 Ng7 34.
Ndxb4 Nf5 35. Nd5 Re6 36. Nxd4 Nxd4 37. Rxd4 Rxe2+ 38. Kg3 Rxc5 39. f5 Nh6 40.
f6 Nf5+ 41. Kh3 exf6 0-1

[Event "3. Igor Platonov Memorial"]
[Site "Kyiv UKR"]
[Date "2005.01.10"]
[Round "7.4"]
[White "Vysochin, Spartak"]
[Black "Lutsko, Igor"]
[Result "1/2-1/2"]
[WhiteElo "2579"]
[BlackElo "2527"]
[PlyCount "67"]
[EventDate "2005.01.04"]
[EventType "tourn"]
[EventRounds "9"]
[EventCountry "UKR"]
[EventCategory "8"]
[Source "lmi"]
[SourceDate "2005.01.12"]

1. e4 d6 2. d4 Nf6 3. Nc3 g6 4. Bg5 Bg7 5. f4 O-O 6. Qd2 c6 7. Bd3 b5 8. Nf3
Bg4 9. O-O Qb6 10. Ne2 c5 11. e5 dxe5 12. fxe5 Nfd7 13. Bxe7 Bxf3 14. Rxf3 Re8
15. Bd6 Nc6 16. Qf4 Ncxe5 17. dxe5 c4+ 18. Kh1 cxd3 19. Qxf7+ Kh8 20. Nf4 Nxe5
21. Bxe5 Rxe5 22. Nxd3 Re4 23. Raf1 Rae8 24. c3 a5 25. a3 Qc6 26. Qa7 Ra8 27.
Qc5 Qxc5 28. Nxc5 Re2 29. R3f2 Rxf2 30. Rxf2 b4 31. axb4 axb4 32. g3 bxc3 33.
bxc3 Bxc3 34. Ne4 1/2-1/2

[Event "3. Igor Platonov Memorial"]
[Site "Kyiv UKR"]
[Date "2005.01.10"]
[Round "7.5"]
[White "Sergeev, Vladimir"]
[Black "Kislinsky, Alexey"]
[Result "1-0"]
[WhiteElo "2438"]
[BlackElo "2406"]
[PlyCount "165"]
[EventDate "2005.01.04"]
[EventType "tourn"]
[EventRounds "9"]
[EventCountry "UKR"]
[EventCategory "8"]
[Source "lmi"]
[SourceDate "2005.01.12"]

1. Nf3 c5 2. b3 Nc6 3. e3 Nf6 4. Bb2 a6 5. c4 e6 6. Be2 d5 7. cxd5 exd5 8. d4
cxd4 9. Nxd4 Bb4+ 10. Bc3 Bd6 11. Nd2 Ne5 12. Rc1 O-O 13. O-O Qe7 14. Qc2 Re8
15. h3 Ng6 16. Nf5 Bxf5 17. Qxf5 Ne4 18. Nxe4 dxe4 19. g3 Ba3 20. Rcd1 Nf8 21.
Rd5 f6 22. Rfd1 b5 23. Bg4 Ra7 24. h4 Rc7 25. Ba1 Qf7 26. Bh3 Rc2 27. R5d2 Rc5
28. Qf4 Rc6 29. Qg4 Re7 30. Rd8 Rc2 31. Qf4 Rxa2 32. Bf5 Re8 33. Rxe8 Qxe8 34.
Bxe4 Qe7 35. h5 h6 36. Qf5 Kh8 37. Qd5 Qc5 38. Qf7 Qe7 39. Qd5 Qc5 40. Qf7 Qe7
41. Bd5 Qxf7 42. Bxf7 Rc2 43. Bd4 Rc7 44. Bd5 Rd7 45. Bb6 Ne6 46. Kf1 Bc5 47.
Ba5 Ba7 48. Ke2 Nd4+ 49. exd4 Rxd5 50. Bc3 Kg8 51. g4 Kf7 52. Ke3 Bb6 53. Ke4
Rg5 54. f3 f5+ 55. gxf5 Rxh5 56. Ra1 Rh4+ 57. f4 Bc7 58. Bd2 a5 59. Rc1 Bd6 60.
Rc6 Ke7 61. Rb6 a4 62. Rb7+ Kf8 63. Rxb5 a3 64. Ra5 Rh2 65. Ra8+ Kf7 66. Ra7+
Kf6 67. Be3 a2 68. d5 Re2 69. Ra6 Ke7 70. Kd3 Rb2 71. Ra7+ Kd8 72. Kc3 Re2 73.
Bd4 Bxf4 74. Bxg7 Re7 75. Ra8+ Kc7 76. Bd4 Kb7 77. Rxa2 Bb8 78. f6 Re4 79. Kd3
Rf4 80. Rf2 Rxd4+ 81. Kxd4 Ba7+ 82. Kc4 Bxf2 83. f7 1-0

[Event "3. Igor Platonov Memorial"]
[Site "Kyiv UKR"]
[Date "2005.01.11"]
[Round "8.1"]
[White "Moliboga, Vladimir"]
[Black "Sergeev, Vladimir"]
[Result "0-1"]
[WhiteElo "2314"]
[BlackElo "2438"]
[PlyCount "74"]
[EventDate "2005.01.04"]
[EventType "tourn"]
[EventRounds "9"]
[EventCountry "UKR"]
[EventCategory "8"]
[Source "lmi"]
[SourceDate "2005.01.12"]

1. e4 Nf6 2. e5 Nd5 3. d4 d6 4. Nf3 Nb6 5. Be2 g6 6. O-O Bg7 7. h3 O-O 8. exd6
cxd6 9. c4 Nc6 10. Nc3 Bf5 11. Be3 d5 12. g4 Bc8 13. b3 dxc4 14. bxc4 Na5 15.
c5 Nbc4 16. Bg5 h6 17. Bh4 b6 18. Rc1 Bb7 19. Bg3 Rc8 20. Nb5 bxc5 21. Nxa7 Ra8
22. Nb5 cxd4 23. Rxc4 Bxf3 24. Bxf3 Nxc4 25. Bxa8 Qxa8 26. Qe2 Qa4 27. Nc7 e5
28. Nd5 Rd8 29. Rc1 Rxd5 30. Qxc4 Qa5 31. Qc8+ Rd8 32. Qc4 d3 33. Rd1 Rd4 34.
Qc8+ Kh7 35. Qe8 Qd5 36. a4 Qf3 37. Rd2 Re4 0-1

[Event "3. Igor Platonov Memorial"]
[Site "Kyiv UKR"]
[Date "2005.01.11"]
[Round "8.2"]
[White "Kruppa, Yuri"]
[Black "Itkis, Boris"]
[Result "1/2-1/2"]
[WhiteElo "2553"]
[BlackElo "2454"]
[PlyCount "41"]
[EventDate "2005.01.04"]
[EventType "tourn"]
[EventRounds "9"]
[EventCountry "UKR"]
[EventCategory "8"]
[Source "lmi"]
[SourceDate "2005.01.12"]

1. d4 d5 2. c4 c6 3. Nc3 Nf6 4. e3 g6 5. Nf3 Bg7 6. Be2 O-O 7. O-O a6 8. Qb3
dxc4 9. Bxc4 b5 10. Be2 c5 11. dxc5 Nbd7 12. Qa3 Rb8 13. b4 Nxc5 14. Bb2 Ncd7
15. Rfd1 Qb6 16. Rd2 Bb7 17. Rad1 Qc7 18. Rc1 Qb6 19. Nb1 Rbc8 20. Bd4 Qe6 21.
Rdc2 1/2-1/2

[Event "3. Igor Platonov Memorial"]
[Site "Kyiv UKR"]
[Date "2005.01.11"]
[Round "8.3"]
[White "Pavlov, Sergey"]
[Black "Shishkin, Vadim"]
[Result "1/2-1/2"]
[WhiteElo "2368"]
[BlackElo "2488"]
[PlyCount "90"]
[EventDate "2005.01.04"]
[EventType "tourn"]
[EventRounds "9"]
[EventCountry "UKR"]
[EventCategory "8"]
[Source "lmi"]
[SourceDate "2005.01.12"]

1. e4 c5 2. Nf3 Nc6 3. d4 cxd4 4. Nxd4 Nf6 5. Nc3 d6 6. Bg5 e6 7. Qd2 a6 8.
O-O-O Nxd4 9. Qxd4 Be7 10. f4 b5 11. Kb1 Bb7 12. Be2 O-O 13. Bf3 Rc8 14. Rhe1
Qc7 15. Bxf6 Bxf6 16. Qxd6 Bxc3 17. Qxc7 Rxc7 18. bxc3 Rxc3 19. Rd7 Rb8 20.
Red1 Kf8 21. R1d3 Rc5 22. e5 Bxf3 23. Rxf3 Rbc8 24. f5 exf5 25. Rxf5 f6 26. Ra7
R8c6 27. Ra8+ Kf7 28. e6+ Kxe6 29. Rxc5 Rxc5 30. Rxa6+ Kd7 31. Ra7+ Rc7 32.
Rxc7+ Kxc7 33. Kb2 Kb6 34. c4 b4 35. a4 bxa3+ 36. Kxa3 Kc5 37. Kb3 f5 38. h4 g6
39. Kc3 h6 40. Kd3 g5 41. hxg5 hxg5 42. Kc3 f4 43. Kd3 g4 44. Ke4 f3 45. gxf3
gxf3 1/2-1/2

[Event "3. Igor Platonov Memorial"]
[Site "Kyiv UKR"]
[Date "2005.01.11"]
[Round "8.5"]
[White "Lutsko, Igor"]
[Black "Kislinsky, Alexey"]
[Result "0-1"]
[WhiteElo "2527"]
[BlackElo "2406"]
[PlyCount "112"]
[EventDate "2005.01.04"]
[EventType "tourn"]
[EventRounds "9"]
[EventCountry "UKR"]
[EventCategory "8"]
[Source "lmi"]
[SourceDate "2005.01.12"]

1. d4 c5 2. d5 d6 3. c4 g6 4. Nc3 Bg7 5. e4 Nf6 6. Bg5 O-O 7. Qd2 a6 8. a4 Qa5
9. Ra3 e6 10. f3 exd5 11. cxd5 Nbd7 12. Nh3 Ne5 13. Nf2 Bd7 14. Be2 Qb4 15. O-O
Rfe8 16. Qc2 Rab8 17. Rfa1 h6 18. Bd2 Qb6 19. Be3 Qd8 20. Rb1 g5 21. b4 c4 22.
a5 Nh5 23. Bf1 Qf6 24. Ne2 Rec8 25. Kh1 Kh8 26. Bd4 Qg6 27. g4 Nf6 28. Ng3 Nxd5
29. Nf5 Nc7 30. Re3 Nb5 31. Ba1 Bf6 32. Rd1 Rc6 33. Kg2 Be6 34. Nh1 Nd7 35.
Nhg3 Bxa1 36. Rxa1 Ne5 37. Rd1 f6 38. Ree1 Kh7 39. Be2 Bxf5 40. Nxf5 Qf7 41. h4
Rg8 42. Rh1 Rg6 43. Rd5 Qf8 44. Qd2 c3 45. Qe3 Nc7 46. Rhd1 Ne6 47. b5 Nf4+ 48.
Qxf4 gxf4 49. bxc6 bxc6 50. Rxd6 h5 51. Kf2 Qb8 52. Re6 Qc7 53. Kg2 hxg4 54.
fxg4 Kh8 55. Re8+ Rg8 56. Re7 Qb8 0-1

[Event "3. Igor Platonov Memorial"]
[Site "Kyiv UKR"]
[Date "2005.01.12"]
[Round "9.1"]
[White "Kislinsky, Alexey"]
[Black "Moliboga, Vladimir"]
[Result "1-0"]
[WhiteElo "2406"]
[BlackElo "2314"]
[PlyCount "83"]
[EventDate "2005.01.04"]
[EventType "tourn"]
[EventRounds "9"]
[EventCountry "UKR"]
[EventCategory "8"]
[Source "lmi"]
[SourceDate "2005.01.13"]

1. e4 g6 2. d4 Bg7 3. Nc3 d6 4. f4 Nf6 5. Nf3 O-O 6. Bd3 c5 7. d5 b6 8. O-O Ba6
9. Kh1 Bxd3 10. Qxd3 Nbd7 11. Bd2 a6 12. a4 Qb8 13. Rae1 b5 14. b3 c4 15. bxc4
bxc4 16. Qe2 Nc5 17. Nd4 Qc7 18. Qxc4 Rab8 19. e5 Ng4 20. Qe2 h5 21. Nc6 Rb2
22. Bc1 Rb6 23. Ne4 Nxe4 24. Qxe4 e6 25. a5 Rxc6 26. dxc6 d5 27. Qa4 Rc8 28. c4
dxc4 29. Qxc4 Qxa5 30. h3 Nh6 31. Be3 Nf5 32. Bf2 Ne7 33. Ra1 Qb5 34. Qxb5 axb5
35. Rfc1 Nd5 36. g3 h4 37. Ra7 hxg3 38. Bxg3 Bf8 39. Rb7 b4 40. Bh4 Nxf4 41. c7
Nd5 42. Rb8 1-0

[Event "3. Igor Platonov Memorial"]
[Site "Kyiv UKR"]
[Date "2005.01.12"]
[Round "9.2"]
[White "Sergeev, Vladimir"]
[Black "Kruppa, Yuri"]
[Result "1-0"]
[WhiteElo "2438"]
[BlackElo "2553"]
[PlyCount "93"]
[EventDate "2005.01.04"]
[EventType "tourn"]
[EventRounds "9"]
[EventCountry "UKR"]
[EventCategory "8"]
[Source "lmi"]
[SourceDate "2005.01.13"]

1. Nf3 c5 2. b3 Nc6 3. Bb2 d6 4. e3 e5 5. c4 g6 6. a3 Bg7 7. Be2 Nge7 8. d3 O-O
9. Qd2 d5 10. cxd5 Nxd5 11. Qc2 Be6 12. Nbd2 Rc8 13. O-O Qe7 14. Rac1 b6 15.
Qb1 g5 16. Qa1 Bd7 17. Ne4 g4 18. Nfd2 a5 19. Rfe1 f5 20. Nc3 Nc7 21. Bf1 Rb8
22. g3 Qf7 23. Bg2 f4 24. Nce4 f3 25. Bf1 Qh5 26. Nc4 Rfe8 27. b4 axb4 28. axb4
Nxb4 29. Ncd6 Red8 30. d4 Ra8 31. Qb1 Be6 32. Rcd1 exd4 33. exd4 Ra2 34. Rd2
Rda8 35. dxc5 Rxb2 36. Rxb2 bxc5 37. Qc1 Na2 38. Qc2 Bd4 39. Rb7 Nd5 40. Nf6+
Nxf6 41. Rxe6 Nc3 42. Rxf6 Ne2+ 43. Kh1 Bxf6 44. Qb3+ Kh8 45. Qe6 Bg7 46. Nf7+
Kg8 47. Rc7 1-0

[Event "3. Igor Platonov Memorial"]
[Site "Kyiv UKR"]
[Date "2005.01.12"]
[Round "9.3"]
[White "Itkis, Boris"]
[Black "Pavlov, Sergey"]
[Result "1/2-1/2"]
[WhiteElo "2454"]
[BlackElo "2368"]
[PlyCount "85"]
[EventDate "2005.01.04"]
[EventType "tourn"]
[EventRounds "9"]
[EventCountry "UKR"]
[EventCategory "8"]
[Source "lmi"]
[SourceDate "2005.01.13"]

1. e4 c5 2. Nf3 e6 3. c3 Nf6 4. e5 Nd5 5. Bc4 b6 6. d3 Bb7 7. O-O Be7 8. Bb3 d6
9. Ba4+ Bc6 10. c4 Nc7 11. d4 d5 12. Nc3 dxc4 13. Bxc6+ Nxc6 14. Qa4 Qd7 15.
dxc5 b5 16. Nxb5 Nxb5 17. Qxb5 Nxe5 18. Qxd7+ Nxd7 19. Be3 Bxc5 20. Bxc5 Nxc5
21. Rfc1 Nd3 22. Rxc4 O-O 23. b3 Rfc8 24. Rd4 Nc1 25. Kf1 Rc2 26. Ne1 Rc3 27.
Rc4 Rc8 28. Rxc8+ Rxc8 29. f3 g6 30. Kf2 Rc3 31. b4 Kf8 32. b5 Ke7 33. a4 Kd6
34. a5 Kc7 35. Ra4 Rc5 36. Ke3 Nb3 37. Rh4 h5 38. Rf4 Re5+ 39. Kf2 Rf5 40. Rxf5
exf5 41. b6+ axb6 42. axb6+ Kxb6 43. Nd3 1/2-1/2